Vista normal
Vista MARC
- Deville, Patrick
Entrada Personal Name
Número de registros utilizados en: 1
001 - CONTROL NUMBER
- control field: 46957
003 - CONTROL NUMBER IDENTIFIER
- control field: OSt
005 - DATE AND TIME OF LATEST TRANSACTION
- control field: 20180427142652.0
008 - FIXED-LENGTH DATA ELEMENTS
- fixed length control field: 180427|| aca||aabn | a|a d
040 ## - CATALOGING SOURCE
- Original cataloging agency: OSt
- Transcribing agency: OSt
100 ## - HEADING--PERSONAL NAME
- Personal name: Deville, Patrick
670 ## - SOURCE DATA FOUND
- Source citation: Work cat.: (OSt): Deville, Patrick , Pura vida y muerte de William Walker